000 00482nam a2200169Ia 4500
003 OSt
005 20260310141837.0
008 211028s2012 xx 000 0 und d
040 _cAIMIT LIBRARY
041 _aeng
100 _aV, Ashwini Bhat; S, Ruban.
_g91737
_93665
110 _aShrinivas B L.
_93666
245 _aAppraisal module: the employee appraisal tracker system /
260 _aBangalore
_c2012
710 _aSysfore Technologies Pvt Ltd.
_93667
942 _2ddc
_cPRO
999 _c217309
_d217309